| 000 | 00737nam a2200193 i 4500 | ||
|---|---|---|---|
| 001 | 151685 | ||
| 003 | ES-MaACL | ||
| 005 | 20250805055342.0 | ||
| 008 | 040915s1893 po |||| | por d | ||
| 040 |
_aCAM _bspa _cCAM |
||
| 100 | 1 |
_aBarreto, Guilherme Moniz. _9125830 |
|
| 245 | 1 | 0 |
_aCarta a El-Rei de Portugal sobre a situação do paiz e seus remedios / _cMoniz Barreto. |
| 260 |
_aLisboa : _b[s.n.], _c1893 ( _fTypographia do Jornal O Dia) |
||
| 300 |
_a38 p. ; _c20 cm. |
||
| 600 | 0 | 7 |
_aCarlos _bI, _cRey de Portugal _2 _9149762 |
| 651 | 4 |
_aPortugal- _xHistoria- _y1889-1908, Carlos I. _9151876 |
|
| 852 |
_aES-MaACL _jT-712-F-7 _z-- Enc. hol. conservando la cub. original _z-- Enc. en un vol. facticio |
||
| 999 |
_c151685 _d151685 |
||